000 01240nam a22003377a 4500
001 1651328
003 OSt
005 20210421082823.0
008 970311s1997 ilu b 001 0 eng
010 _a 97002634
020 _a1567930581 (alk. paper)
040 _aeng
_cDLC
_deng
_beng
041 _aeng
043 _an-us---
050 0 0 _aRA399.A3
_bR44 1997
080 _a614
_bJ-78
082 0 0 _a362.1/0973
_221
245 0 0 _aRegulation of the healthcare professions /
_c[edited by] Timothy S. Jost.
260 _aChicago, IL :
_bHealth Administration Press,
_cc1997.
300 _axii, 220 p. ;
_c23 cm.
504 _aIncludes bibliographical references and index.
650 0 _aMedical personnel
_xLicenses
_zUnited States.
650 0 _aPublic Health
_9337
650 0 _aMedical personnel
_xLegal status, laws, etc.
_zUnited States.
653 _aსაზოგადოებრივი ჯანდაცვა
653 _aსამედიცინო პერსონალი
700 1 _aJost, Timothy S.
_eEditor
906 _a7
_bcbc
_corignew
_d1
_eocip
_f19
_gy-gencatlg
942 _2udc
_cBK
999 _c717
_d717